<?xml version="1.0" encoding="UTF-8"?>
<record
    xmlns:xsi="http://www.w3.org/2001/XMLSchema-instance"
    xsi:schemaLocation="http://www.loc.gov/MARC21/slim http://www.loc.gov/standards/marcxml/schema/MARC21slim.xsd"
    xmlns="http://www.loc.gov/MARC21/slim">

  <leader>01951agaaa2200301   4500</leader>
  <controlfield tag="001">0802</controlfield>
  <controlfield tag="003">IT-RoPAU</controlfield>
  <controlfield tag="005">20220918181227.0</controlfield>
  <controlfield tag="007">d cvaizq</controlfield>
  <controlfield tag="008">50131s9999||||xx ||| |     ||   ||und||</controlfield>
  <datafield tag="040" ind1=" " ind2=" ">
    <subfield code="a">IT-RoPAU</subfield>
    <subfield code="c">IT-RoPAU</subfield>
  </datafield>
  <datafield tag="041" ind1=" " ind2=" ">
    <subfield code="a">ITALIANO</subfield>
  </datafield>
  <datafield tag="100" ind1=" " ind2=" ">
    <subfield code="a">Judica Cordiglia Giovanni Battista</subfield>
    <subfield code="g">Codice regista SPICS: 50437</subfield>
    <subfield code="9">38525</subfield>
  </datafield>
  <datafield tag="130" ind1=" " ind2=" ">
    <subfield code="a">GOLGOTHA ORA NONA-SINDONE LA SCIENZA RISPONDE</subfield>
    <subfield code="9">38526</subfield>
  </datafield>
  <datafield tag="245" ind1=" " ind2=" ">
    <subfield code="a">GOLGOTHA ORA NONA-SINDONE LA SCIENZA RISPONDE</subfield>
    <subfield code="c">Diretto da: Judica Cordiglia Giovanni Battista</subfield>
    <subfield code="p">GOLGOTHA ORA NONA-SINDONE LA SCIENZA RISPONDE (Rif. Codice opera principale : F0802)</subfield>
  </datafield>
  <datafield tag="250" ind1=" " ind2=" ">
    <subfield code="a">Edizione Standard</subfield>
  </datafield>
  <datafield tag="260" ind1=" " ind2=" ">
    <subfield code="a">MILANO (ITALIA)</subfield>
    <subfield code="b">AUDIOVISIVI SAN PAOLO / </subfield>
    <subfield code="g">"1998 (1&#xB0; ed.: 1998 ; Ed. Lingua Orig.: 1998)"</subfield>
  </datafield>
  <datafield tag="300" ind1=" " ind2=" ">
    <subfield code="a">VHS</subfield>
    <subfield code="b">sonoro, col.</subfield>
    <subfield code="c">60 minuti</subfield>
  </datafield>
  <datafield tag="508" ind1=" " ind2=" ">
    <subfield code="a">"Musica: Castagnoli Giulio; "</subfield>
  </datafield>
  <datafield tag="520" ind1=" " ind2=" ">
    <subfield code="a">"L'IMPRONTA DELL'UOMO DELLA SINDONE RACCONTA MISTERO E SOFFERENZA. LE ANALOGIE, TRA I SUPPLIZI SOFFERTI DALL'UOMO DELLA SINDONE ED IL GESU' DEI VANGELI, SORPRENDONO E LA SCIENZA INDAGA PER TROVARE CERTEZZE. IL FILM SI SNODA TRA IPOTESI E CONFERME, LUCI ED OMBRE CHE LASCIANO TURBATI, RIVELANDO I PIU'DETTAGLI DI QUESTA STRAORDINARIA FIGURA CHE, SEBBENE UMILIATA DALLA SOFFERENZA, POSSIEDE ""IN SOMMO GRADO QUELLA BELLEZZA CORPORALE CHE SPETTAVA AL SUO SANTO"", COME DICE TOMMASO D'AQUINO.INTERVENTI DI BAIMA BOLLONE, BALOSSINO, BARBERIS, BUCKLING, GHIBERTI, JACKSON, JUDICA CORDIGLIA, LINDNER, MARIOTTI LIPPI, MORGAN, MORONI, PFEIFFER, RODANTE, SCAVONE, ZACCONE."</subfield>
  </datafield>
  <datafield tag="538" ind1=" " ind2=" ">
    <subfield code="a">PAL, STEREO</subfield>
  </datafield>
  <datafield tag="546" ind1=" " ind2=" ">
    <subfield code="a">ITALIANO</subfield>
  </datafield>
  <datafield tag="650" ind1=" " ind2=" ">
    <subfield code="a">DOCUMENTARIO</subfield>
    <subfield code="e">TV-PROGRAMMI RELIGIOSI [VHS]</subfield>
    <subfield code="x">Codice MATERIA SPICS: 9963</subfield>
    <subfield code="9">36814</subfield>
  </datafield>
  <datafield tag="700" ind1=" " ind2=" ">
    <subfield code="a">Castagnoli Giulio</subfield>
    <subfield code="e">(musica)</subfield>
    <subfield code="g">Codice Musica SPICS: 50439</subfield>
    <subfield code="9">38527</subfield>
  </datafield>
  <datafield tag="700" ind1=" " ind2=" ">
    <subfield code="a">Furbatto Laura </subfield>
    <subfield code="e">(soggetto)</subfield>
    <subfield code="g">Codice Soggetto SPICS: 50438</subfield>
    <subfield code="9">38528</subfield>
  </datafield>
  <datafield tag="700" ind1=" " ind2=" ">
    <subfield code="a">Judica Cordiglia Giovanni Battista </subfield>
    <subfield code="e">(regista)</subfield>
    <subfield code="g">Codice regista SPICS: 50437</subfield>
    <subfield code="9">38529</subfield>
  </datafield>
  <datafield tag="942" ind1=" " ind2=" ">
    <subfield code="c">VH</subfield>
    <subfield code="2">ddc</subfield>
  </datafield>
  <datafield tag="999" ind1=" " ind2=" ">
    <subfield code="c">104937</subfield>
    <subfield code="d">104937</subfield>
  </datafield>
  <datafield tag="952" ind1=" " ind2=" ">
    <subfield code="0">0</subfield>
    <subfield code="1">0</subfield>
    <subfield code="4">0</subfield>
    <subfield code="6">F_0802_000000000000000</subfield>
    <subfield code="7">1</subfield>
    <subfield code="a">SPICS</subfield>
    <subfield code="b">SPICS</subfield>
    <subfield code="d">2015-01-31</subfield>
    <subfield code="l">0</subfield>
    <subfield code="o">F0802</subfield>
    <subfield code="r">2015-01-31 00:00:00</subfield>
    <subfield code="w">2015-01-31</subfield>
    <subfield code="y">VH</subfield>
    <subfield code="z">Progr. Ins.: 829 / N.Vol.:1 / Copie: 1 / Pag.: / Copia rara: n.d. / date import: 1.2.2015 / By Epidotti, Trombetti, Vaglietti</subfield>
  </datafield>
</record>
